000 01097nam a22002537a 4500
005 20170420124733.0
008 140714b xxu||||| |||| 00| 0 Urdu d
010 _aUR-8610 B-665980
020 _c100.00
035 _aU-7165 B-665980
037 _bDBAD/Pub.
040 _aDPL
_bUrdu
082 _a840
100 _aسکسينہ ،ر ا م با بو
245 _aتا ر يخ ا د ب ا ر د و
_cسکسينہ ،ر ا م با بو
246 _aTarikh-e- Adab Urdu
_bby Saxena Ram Babu
260 _bIdara Kitab-US-Shifa
_c2000
_aNew Delhi
260 _bk.K.P. (Vender)
270 _a2075,Ist Floor ,Masjid Mazar Wali ,Nahar Khan Street,Kucha Chelan Darya Ganj
_bNew Delhi
_e110002
_k23283494,9312273887
270 _a 4806/24,Bharat Ram Road ,Dariya Ganj,
_bNew Delhi (Vender)
_e110002
_k011 64527574,Fax47340207,M:9213116968-
300 _a417ص
_c22cm (Hb)
942 _2ddc
_cUR
_h840
_mس ک س
999 _c87423
_d87423